000 00806nam a2200277Ia 4500
001 dia_2885
003 CHAP
005 20230331132824.0
008 220117s1953 xx 000 0 und d
010 _a173382
040 _cCHAP
082 _a664.028 P33 1953
100 _aPaczka, Alejandro
_984629
245 _aConservación y aprovechamiento de productos alimenticios /
_c Alejandro Paczka
250 _a2a ed.
260 _aMéxico :
_b Bartolome Trucco,
_c1953
300 _a547 p.
500 _aMaterial fotocopiado
590 _aTX357 P33 1953
650 _aFood preservation
_9147450
650 _aPreservación de alimentos
_9144378
901 _a664.028 P33 1953
902 _aM
905 _a5232271953 mx an 8122123322spa16
942 _cLIBRO
_2ddc
999 _c173382
_d173382